000
00269nam a2200109Ia 4500
008
220204s9999 xx 000 0 und d
082
_a
641.3
_b
PAP
100
_a
Pappadakis, J
245
0
_a
Food problems of India
260
_a
Argentina
_b
Buenos Aires
_c
1967
942
_c
BK
999
_c
21902
_d
21902